Największe miasta na Półwyspie Bałkańskim - Statystyki

Ogólne statystyki
  • Ten quiz został rozwiązany 23 razy
  • Średni wynik to 15 z 20
Statystyki odpowiedzi
Populacja Miasto Państwo % Poprawnych
643 452 Ateny
100%
1 197 214 Belgrad
100%
1 716 983 Bukareszt
100%
526 502 Skopje
100%
1 205 548 Sofia
100%
15 840 900 Stambuł
100%
663 592 Zagrzeb
100%
348 363 Sarajewo
95%
389 323 Tirana
95%
290 903 Lublana
91%
309 617 Saloniki
91%
318 737 Warna
86%
280 763 Nowy Sad
73%
286 598 Kluż-Napoka
59%
329 489 Płowdiw
59%
263 688 Konstanca
45%
250 849 Timisoara
45%
234 140 Krajowa
36%
237 589 Braszów
32%
271 692 Jassy
32%
Nie znaleziono quizów pasujących do podanych kryteriów
Rozkład punktacji
Procent ludzi z każdym wynikiem
Percentyl według liczby udzielonych odpowiedzi
Twoja historia wyników
Nie rozwiązałeś tego quizu